00441nmm a2200157Ia 4500008004100000041000800041100002600049245001800075264005100093300001800144490001400162650002900176856005200205942000700257999001900264251105s9999||||xx |||||||||||||||||und|| aspa aPoveda, María Pía 0aY sin embargo a[Madrid, España] :bEditorial Egales, c2018 a170 páginas aNarrativa aLatin American narrative uhttps://public.digitaliapublishing.com/a/175343 cCF c100134d100134